• 首页
  • 本馆介绍
  • 公告通知
  • 最新文献
  • 馆藏检索
  • 电子资源
  • 读者导购
  • 参考咨询
  • 我的图书馆
  • 登录
  • 详细信息显示
  • 放入我的书架
  • 预约/预借图书
  • 作者相关作品
  • 分类相关作品
  • 丛书相关作品
  • 出版社相关作品

书目信息

  • 表格格式
  • 工作单格式
  • 卡片格式
题名:
良种及其配套技术
    
 
作者: 李昌健
分册:  
出版信息:    1996.11
页数: 197页
开本: 19cm
丛书名:
单 册:
中图分类: S331
科图分类:
主题词: 作物育种 , 遗传育种 , 作物育种--良种繁育
电子资源:
ISBN: 7-5058-1002-2
000 00566nam0 2200217 45
001 0308271028
005 20030827105613.9
010    @a7-5058-1002-2@dRMB8.00
100    @a20030827d1996 km y0chiy0120 ea
101    @achi
105    @a z 000yy
200 1  @a良种及其配套技术@Aliang zhong ji qi pei tao ji shu@f李昌健@Fli chang jian
210    @d1996.11
215    @a197页@c无图表@d19cm
606 0  @a作物育种
606 0  @a遗传育种
606 0  @a作物育种@x良种繁育
690    @aS331@v3
701  0 @a李昌健
801    @aCN@b@c20030827
905    @aBZT@dS331@e108
    
    良种及其配套技术/李昌健.-1996.11
    197页:无图表;19cm
    
    
    ISBN 7-5058-1002-2:RMB8.00
    
●
相关链接 在五车中查询图书 在当当中查询图书 在豆瓣中查询图书


正题名:良种及其配套技术     索取号:S331/108         预约/预借

序号 登录号 条形码 馆藏地/架位号 状态 备注
1 81616   200040963   中心书库中库/ 中库033架B面8列1层23/ [索取号:S331/108] 在馆    
2 81617   200041089   中心书库中库/ 中库033架B面8列1层24/ [索取号:S331/108] 在馆    
3 81618   200041052   中心书库中库/ 中库033架B面8列1层25/ [索取号:S331/108] 在馆    
4 81619   200040936   中心书库中库/ 中库033架B面8列1层26/ [索取号:S331/108] 在馆    
5 81620   200041141   中心书库中库/ 中库033架B面8列1层27/ [索取号:S331/108] 在馆    
6 81621   200041114   中心书库中库/ 中库033架B面8列1层20/ [索取号:S331/108] 在馆    
7 81622   200041123   中心书库中库/ 中库033架B面8列1层21/ [索取号:S331/108] 在馆    
8 81623   200041098   中心书库中库/ 中库033架B面8列1层22/ [索取号:S331/108] 在馆    
9 81624   200041105   中心书库中库/ 中库033架B面8列1层19/ [索取号:S331/108] 在馆    
10 81625   200041070   中心书库中库/ 中库033架B面8列1层28/ [索取号:S331/108] 在馆    
山东省滨州职业学院图书馆 欢迎您!
大连网信软件有限公司© 版权所有